Let's hope for the best

Bibliographic Details
Main Author: Setterwall, Carolina
Format: Book
Published: London : Bloomsbury Circus , 2019
Subjects:

MARC

LEADER 00000cam a2200000 7i4500
001 0000278584
005 20201202091752.0
020 |a 9781526604927 
090 0 |a F   |b SET 
100 1 |a Setterwall, Carolina 
245 1 0 |a Let's hope for the best   |c Carolina Setterwall 
260 |a London :   |b Bloomsbury Circus ,   |c 2019 
300 |a 379p. ;   |c 22cm. 
650 0 |a Fiction 
999 |a 00385707   |b BUKU   |c PINJAMAN   |e PERPUSTAKAAN KOMUNITI PETALING JAYA